| 000 | 00890nas a2200289 4500 | ||
|---|---|---|---|
| 001 | BR0101856 | ||
| 003 | BR-BrBNA | ||
| 005 | 20231205102216.0 | ||
| 007 | ta | ||
| 008 | 230509b bl.|||p| |||| 00| 00por d | ||
| 040 |
_aBR-BrBNA _bpor _cBiblioteca Nacional de Agricultura |
||
| 041 | _a(Pt) | ||
| 072 | _aL73 | ||
| 100 | 1 | _aSilva, V.S. | |
| 100 | 1 | _aMores, N. | |
| 100 | 1 | _aDutra, V.D. | |
| 100 | 1 | _aFerreira Neto, J.S. | |
| 100 | 1 | _aSaad, M.H.F. | |
| 245 | 1 | _aEstudo da transmissao horizontal de Mycobacterium avium-intracellulare em suinos | |
| 650 | _aSUÍNO | ||
| 650 | _aTransmissao de Doenca | ||
| 650 | _aMicobacteria | ||
| 650 | _aAnalise de Laboratorio | ||
| 773 | 0 |
_tArquivo Brasileiro de Medicina Veterinaria e Zootecnia (Brazil) _xISSN 0102-0935 _g(Dec 2000), v. 52(6) p. 562-566 _wBR0101856 |
|
| 909 |
_a202311 _bLúcia _c55 _dLúcia Elande |
||
| 942 |
_2AGRIS _n0 _cANA |
||
| 999 |
_c166313 _d166313 |
||